000 00496nam a2200157 a 4500
005 20140310183137.0
008 020820s19uu xx 00 eng d
050 _aHF 5415.1265
_b.J358 2000
100 _aJanal, Daniel S.
245 _aDan Janal's guide to marketing on the internet :
_bgetting people to visit buy, and become customers for life /
_cDaniel S. Janal.
300 _a392p .:
_c27 cm.
521 _aBSBA
650 _aInternet marketing
942 _cBK
_2lcc
_kFOR
999 _c19317
_d19317